Marvel Cinematic Universe (MCU) Filme - Statistiken

Allgemein
  • Dieses Quiz wurde 3.309 mal gespielt
  • Das Durchschnittsergebnis liegt bei 10 aus 23
Antwortstatistiken
Nr. Jahr Film % Korrekt
1 2008 Iron Man
96%
3 2010 Iron Man 2
88%
7 2013 Iron Man 3
86%
4 2011 Thor
77%
22 2019 Avengers: Endgame
60%
19 2018 Avengers: Infinity War
51%
12 2015 Ant-Man
47%
21 2019 Captain Marvel
46%
11 2015 Avengers: Age of Ultron
44%
16 2017 Spider-Man: Homecoming
44%
18 2018 Black Panther
42%
5 2011 Captain America: The First Avenger
42%
14 2016 Doctor Strange
39%
10 2014 Guardians of the Galaxy
37%
23 2019 Spider-Man: Far From Home
37%
20 2018 Ant-Man and the Wasp
34%
2 2008 Der unglaubliche Hulk
28%
8 2013 Thor: The Dark Kingdom
23%
17 2017 Thor: Tag der Entscheidung
20%
15 2017 Guardians of the Galaxy Vol. 2
17%
6 2012 Marvel´s: The Avengers
16%
9 2014 The Return of the First Avenger
16%
13 2016 The First Avenger: Civil War
9%
Keine übereinstimmenden Quizze gefunden
Verteilung der Resultate
Anzahl Personen mit jedem Resultat
Perzentil nach korrekt beantworteten Fragen
Ihre Resultats-Entwicklung
Sie haben dieses Quiz noch nicht gespielt